00978 2200313 4500001002100000005001500021035002000036007000300056008004100059020001800100082001100118084001700129100002900146245013700175250001200312300004300324650002700367650002800394650002800422650002700450650003000477650002900507264002800536336002100564337003000585338002300615990001300638990001300651INLIS00000000112170220251106030000 a0010-1125000059ta251106 0 ind a9786238042173 a297.46 a297.46 MUJ t0 aMujamil QomarePengarang1 aTasawuf Ekspansif :bGelombang Ekspansi Tasawuf Dalam Ilmu Pengetahuan, Gerakan Sosial, Politik, dan Ekonomi-Bisnis /cMujamil Qomar aEdisi 1 axii, 204 halaman :bilustrasi ;c23 cm 4aTasawuf—Aspek sosial 4aTasawuf—Aspek politik 4aTasawuf—Aspek ekonomi 4aSufism—Social Aspect 4aSufism—Political Aspect 4aSufism—Economic Aspect aMalang :bMadani,c2023 2rdacontentaTeks 2rdamediaaTanpa Perantara 2rdacarrieraVolume a25/00118 a25/00165